| 000 -LEADER |
| fixed length control field |
00960nam a2200241 4500 |
| 008 - FIXED-LENGTH DATA ELEMENTS--GENERAL INFORMATION |
| fixed length control field |
250528b xxu||||| |||| 00| 0 eng d |
| 040 ## - CATALOGING SOURCE |
| Original cataloging agency |
Cagayan State University |
| Description conventions |
RDA |
| 082 ## - DEWEY DECIMAL CLASSIFICATION NUMBER |
| Classification number |
791.4372 |
| Item number |
T3745 2018 |
| 245 ## - TITLE STATEMENT |
| Title |
The night comes for us 2018 / directed by Timo, Tjahjanto ; written by Timo, Tjahjanto ; produced by Todd, Brown (and six others). |
| 260 ## - PUBLICATION, DISTRIBUTION, ETC. (IMPRINT) |
| Place of publication, distribution, etc |
Indonesia : |
| Name of publisher, distributor, etc |
XYZ Films ; |
| -- |
Screenplay Infinite Films ; |
| -- |
Netflix, |
| Date of publication, distribution, etc |
2018. |
| 300 ## - PHYSICAL DESCRIPTION |
| Extent |
1 videofile, (ca. 121 mins.) |
| Other physical details |
sound, color. |
| 520 ## - SUMMARY, ETC. |
| Summary, etc |
Ito, a gangland enforcer, is stuck in the middle of a treacherous and violent insurrection within his Triad crime family. |
| 650 ## - SUBJECT ADDED ENTRY--TOPICAL TERM |
| Topical term or geographic name as entry element |
Action. |
| 650 ## - SUBJECT ADDED ENTRY--TOPICAL TERM |
| Topical term or geographic name as entry element |
Crime. |
| 700 ## - ADDED ENTRY--PERSONAL NAME |
| Personal name |
Taslim, Joe, star. |
| 700 ## - ADDED ENTRY--PERSONAL NAME |
| Personal name |
Uwais, Iko, star. |
| 700 ## - ADDED ENTRY--PERSONAL NAME |
| Personal name |
Estelle, Julie, star. |
| 700 ## - ADDED ENTRY--PERSONAL NAME |
| Personal name |
Pang, Sunny, star. |
| 700 ## - ADDED ENTRY--PERSONAL NAME |
| Personal name |
Lee, Zack, star. |
| 700 ## - ADDED ENTRY--PERSONAL NAME |
| Personal name |
Nimpuno, Gunnar, cinematographer. |
| 700 ## - ADDED ENTRY--PERSONAL NAME |
| Personal name |
Cuunk, Arifin, editor. |
| 942 ## - ADDED ENTRY ELEMENTS (KOHA) |
| Item type |
Audio-Visual Materials |
| Source of classification or shelving scheme |
|